| 000 | 01193nam a2200325Ia 4500 | ||
|---|---|---|---|
| 001 | ebr10135429 | ||
| 003 | CaPaEBR | ||
| 006 | m u | ||
| 007 | cr cn||||||||| | ||
| 008 | 050317s2005 nyu sb 001 0 eng d | ||
| 010 | _z 2005045960 | ||
| 020 | _z1403977089 | ||
| 020 | _z1403969884 | ||
| 040 |
_aCaPaEBR _cCaPaEBR |
||
| 035 | _a(OCoLC)123493187 | ||
| 050 | 1 | 4 |
_aJC327 _b.K9 2005eb |
| 082 | 0 | 4 |
_a320.1/5 _222 |
| 100 | 1 | _aKurtulus, Ersun N. | |
| 245 | 1 | 0 |
_aState sovereignty _h[electronic resource] : _bconcept, phenomenon and ramifications / _cErsun N. Kurtulus. |
| 250 | _a1st ed. | ||
| 260 |
_aNew York : _bPalgrave Macmillan, _c2005. |
||
| 300 | _aviii, 232 p. | ||
| 504 | _aIncludes bibliographical references (p. [195]-227) and index. | ||
| 533 |
_aElectronic reproduction. _bPalo Alto, Calif. : _cebrary, _d2009. _nAvailable via World Wide Web. _nAccess may be limited to ebrary affiliated libraries. |
||
| 650 | 0 | _aState, The. | |
| 650 | 0 | _aSovereignty. | |
| 655 | 7 |
_aElectronic books. _2local |
|
| 710 | 2 | _aebrary, Inc. | |
| 856 | 4 | 0 |
_uhttp://site.ebrary.com/lib/rucke/Doc?id=10135429 _zAn electronic book accessible through the World Wide Web; click to view |
| 999 |
_c187590 _d187590 |
||